Statistics for Toughest Animals in the World

Click here to take the quiz!

General Stats

  • This quiz has been taken 45 times
  • The average score is 11 of 25

Answer Stats

HintAnswer% Correct
20Lion
92%
18Siberian Tiger
90%
5African Elephant
82%
9Hippopotamus
82%
11Rhinoceros
82%
4Polar Bear
79%
10Saltwater Crocodile
79%
15Anaconda
69%
12Jaguar
54%
6Cape Buffalo
49%
1Honey Badger
44%
16Gorilla
44%
23Black Mamba
44%
19Harpy Eagle
41%
8Komodo Dragon
28%
13Bullet Ant
26%
7Tasmanian Devil
15%
21Camel
15%
14Tarantula Hawk
13%
25Deathstalker Scorpion
13%
2Emporer Penguin
10%
24Mountain Goat
10%
17Dung Beetle
5%
3Tardigrade
5%
22Weta
3%

Score Distribution

Percentile by Number Answered

Percent of People with Each Score

Your Score History

You have not taken this quiz